000 00606nam a2200145Ia 4500
008 231129s2014||||xx |||||||||||||| ||spa||
020 _a978-958-8519-42-5
040 _bspa
082 _a347.86105 J37m
100 _aJaramillo Lozano Marí­a Carlota del Socorro
245 0 _aManual de derecho procesal civil especial: estudio comparado con el código de procedimiento civil y el código general del proceso de Colombia. Decreto 1400 de 1970 Ley 1395 de 2010 y Ley 1564 de 2012
260 _c2014
264 _aSantiago de Cali Colombia : Poemia
942 _2ddc
_cBKS
999 _c20345
_d20345